| 000 | 00563nam a22001817a 4500 | ||
|---|---|---|---|
| 003 | CEME | ||
| 005 | 20210628205026.0 | ||
| 008 | 210222b xxu||||| |||| 00| 0 eng d | ||
| 020 | _a0-201-63381-7 | ||
| 040 | _c. | ||
| 082 | _a005.133 JEZ'O | ||
| 100 |
_aJezequel, Jean Mare _973488 |
||
| 245 | _aObject oriented software engineering with eiffel | ||
| 260 |
_aNEWYORK _bADDISON WESLEY _c1996 |
||
| 300 | _a340P | ||
| 650 |
_aSOFTWARE ENGINEERING EIFFEL (COMPUTER LANGUAGE PROGRAMMING) OBJECT ORIENTED PROGRAMMING (COMPUTER SCIENCE) _973489 |
||
| 942 |
_cBK _2ddc |
||
| 999 |
_c579213 _d579213 |
||